00692nam a2200229Ia 450000100060000000300090000600800410001504000130005604000130006904100120008210000210009410000290011524500610014424500490020525000110025426000110026526000290027626000490030530000530035465000240040765000310043137439IT-RoPAU130308s9999 xx 000 0 und d aIT-RoPAU cIT-RoPAU aINGLESE aWilson Elizabeth gCodice Aut. SPICS: 17247 aAll in the Family: Russell Grant on Breakfast Television bTelevision Mythologies: Stars, Shows & Signs a1a ed. aLONDON bComedia Publishing Group c1986 [1° Ed.:1984 - Ed.Ling.Originale:1984] a"3 p. (prefazione: no ; testo: 3 [pagine: 7-9])" aTEORICHE TELEVISIVE eCodice materia Spics: 6955